[Event "S10 a S14"]
[Site "Cambrils"]
[Date "2023.04.03"]
[Round "4.1"]
[White "Prada Villagrasa, Pau Manel"]
[Black "Villa Tornero, Alex"]
[Result "1/2-1/2"]
[TimeControl "90'+30\""]
[BlackFideId "54501091"]
[WhiteElo "1954"]
[BlackElo "2216"]

1. e4 {[%emt 00:00:03]} Nf6 {[%emt 00:00:59]} 2. e5 {[%emt 00:00:32]} Nd5
{[%emt 00:00:04]} 3. d4 {[%emt 00:00:07]} d6 {[%emt 00:00:04]} 4. c4 {[%emt
00:00:08]} Nb6 {[%emt 00:00:03]} 5. f4 {[%emt 00:00:37]} g6 {[%emt 00:00:46]} 6.
Nc3 {[%emt 00:01:56]} Bg7 {[%emt 00:06:43]} 7. Be3 {[%emt 00:03:56]} Be6 {[%emt
00:11:56]} 8. b3 {[%emt 00:03:30]} dxe5 {[%emt 00:00:44]} 9. fxe5 {[%emt
00:00:55]} c5 {[%emt 00:02:19]} 10. Nf3 {[%emt 00:01:18]} cxd4 {[%emt
00:06:17]} 11. Qxd4 {[%emt 00:01:36]} Qxd4 {[%emt 00:01:52]} 12. Bxd4 {[%emt
00:00:34]} Nc6 {[%emt 00:02:20]} 13. Nb5 {[%emt 00:18:07]} Nxd4 {[%emt
00:00:21]} 14. Nbxd4 {[%emt 00:00:13]} Bg4 {[%emt 00:03:20]} 15. Kf2 {[%emt
00:01:24]} O-O-O {[%emt 00:00:10]} 16. Re1 {[%emt 00:03:11]} Nd7 {[%emt
00:02:26]} 17. h3 {[%emt 00:00:01]} Bxf3 {[%emt 00:00:21]} 18. Nxf3 {[%emt
00:00:06]} e6 {[%emt 00:00:20]} 19. b4 {[%emt 00:05:08]} h5 {[%emt 00:02:16]}
20. h4 {[%emt 00:03:35]} f6 {[%emt 00:00:09]} 21. exf6 {[%emt 00:00:44]} Nxf6
{[%emt 00:00:07]} 22. Rxe6 {[%emt 00:01:39]} Ng4+ {[%emt 00:01:36]} 23. Kg3
{[%emt 00:01:00]} Rde8 {[%emt 00:01:28]} 24. Rxg6 {[%emt 00:20:58]} Bc3 {[%emt
00:01:28]} 25. Bd3 {[%emt 00:03:28]} Rhf8 {[%emt 00:02:07]} 26. Rg5 {[%emt
00:01:56]} Nf6 {[%emt 00:05:15]} 27. Rb1 {[%emt 00:01:56]} Kb8 {[%emt
00:01:11]} 28. Rb3 {[%emt 00:04:31]} Ba1 {[%emt 00:03:54]} 29. Bf5 {[%emt
00:00:25]} Re2 {[%emt 00:00:13]} 1/2-1/2

[Event "S10 a S14"]
[Site "Cambrils"]
[Date "2023.04.03"]
[Round "4.2"]
[White "Mompel Ferruz, Xavier"]
[Black "Jove Albaiges, Guillem"]
[Result "1/2-1/2"]
[TimeControl "90'+30\""]
[WhiteFideId "54585775"]
[WhiteElo "2195"]
[BlackElo "1971"]

1. e4 {[%clk 01:30:57]} {[%emt 00:00:01]} c5 {[%clk 01:30:45]} {[%emt
00:00:16]} 2. Nf3 {[%clk 01:31:22]} {[%emt 00:00:05]} d6 {[%clk 01:31:00]}
{[%emt 00:00:14]} 3. d4 {[%emt 00:00:16]} cxd4 {[%clk 01:30:55]} {[%emt
00:00:27]} 4. Nxd4 {[%clk 01:32:08]} {[%emt 00:00:07]} Nf6 {[%clk 01:30:49]}
{[%emt 00:00:35]} 5. Nc3 {[%emt 00:00:28]} g6 {[%clk 01:30:59]} {[%emt
00:00:04]} 6. Be3 {[%emt 00:02:22]} Nc6 7. f3 {[%clk 01:24:57]} h5 {[%clk
01:30:03]} {[%emt 00:08:02]} 8. Qd2 {[%clk 01:22:05]} {[%emt 00:03:31]} Nxd4 9.
Qxd4 {[%clk 01:21:13]} {[%emt 00:03:50]} Bg7 10. O-O-O {[%emt 00:03:03]} O-O
{[%clk 01:24:53]} {[%emt 00:01:30]} 11. Qd2 {[%clk 01:15:31]} {[%emt 00:04:21]}
Be6 {[%emt 00:04:40]} 12. Nd5 {[%emt 00:03:07]} Bxd5 {[%clk 01:20:11]} {[%emt
00:00:14]} 13. exd5 {[%clk 00:51:46]} {[%emt 00:04:36]} Qc7 14. Bh6 {[%emt
00:36:41]} Bxh6 {[%clk 01:03:55]} {[%emt 00:00:48]} 15. Qxh6 {[%clk 00:50:58]}
{[%emt 00:04:57]} Rac8 16. Bd3 {[%emt 00:06:57]} Qa5 {[%clk 00:53:48]} {[%emt
00:01:00]} 17. Kb1 {[%clk 00:50:10]} {[%emt 00:01:18]} Rc5 {[%emt 00:13:43]} 18.
Rde1 {[%emt 00:05:38]} Re8 {[%clk 00:46:17]} {[%emt 00:00:20]} 19. h4 {[%emt
00:09:18]} Nxd5 {[%emt 00:07:00]} 20. Bxg6 {[%clk 00:34:47]} {[%emt 00:00:20]}
fxg6 {[%clk 00:36:04]} {[%emt 00:00:18]} 21. Qxg6+ {[%clk 00:34:52]} {[%emt
00:00:25]} Kf8 {[%clk 00:36:14]} {[%emt 00:00:21]} 22. Qh6+ {[%clk 00:35:08]}
{[%emt 00:00:12]} Kg8 {[%emt 00:00:52]} 23. Qg6+ {[%clk 00:34:51]} {[%emt
00:00:20]} Kf8 {[%clk 00:36:42]} {[%emt 00:00:07]} 24. Qh6+ {[%clk 00:35:15]}
{[%emt 00:00:06]} 1/2-1/2

[Event "S10 a S14"]
[Site "Cambrils"]
[Date "2023.04.03"]
[Round "4.3"]
[White "Gil Jimenez, Ruben"]
[Black "Salinas Tomas, Daniel"]
[Result "0-1"]
[TimeControl "90'+30\""]
[BlackFideId "24597716"]
[WhiteElo "1831"]
[BlackElo "2149"]

1. d4 {[%clk 01:30:58]} {[%emt 00:00:02]} Nf6 {[%clk 01:30:54]} {[%emt
00:00:06]} 2. c4 {[%clk 01:31:20]} {[%emt 00:00:09]} e6 {[%clk 01:31:05]}
{[%emt 00:00:19]} 3. Nf3 {[%clk 01:31:38]} {[%emt 00:00:11]} d5 {[%clk
01:31:22]} {[%emt 00:00:13]} 4. g3 {[%clk 01:31:41]} {[%emt 00:00:28]} Bb4+
{[%clk 01:31:42]} {[%emt 00:00:10]} 5. Bd2 {[%clk 01:31:55]} {[%emt 00:00:16]}
Be7 {[%clk 01:32:06]} {[%emt 00:00:06]} 6. Bg2 {[%clk 01:32:08]} {[%emt
00:00:17]} O-O {[%clk 01:31:44]} {[%emt 00:00:52]} 7. O-O {[%clk 01:32:34]}
{[%emt 00:00:05]} c6 {[%clk 01:31:34]} {[%emt 00:00:39]} 8. Nc3 {[%clk
01:30:35]} {[%emt 00:02:28]} b6 {[%clk 01:29:37]} {[%emt 00:02:27]} 9. Ne5
{[%clk 01:24:21]} {[%emt 00:06:45]} Bb7 {[%clk 01:21:51]} {[%emt 00:08:16]} 10.
Bf4 {[%clk 01:17:17]} {[%emt 00:07:34]} Nbd7 {[%clk 01:14:41]} {[%emt
00:07:39]} 11. Nxd7 {[%clk 01:08:25]} {[%emt 00:09:22]} Qxd7 {[%clk 01:14:14]}
{[%emt 00:00:57]} 12. b3 {[%clk 01:06:36]} {[%emt 00:02:19]} dxc4 {[%clk
01:06:24]} {[%emt 00:08:19]} 13. bxc4 {[%clk 01:06:00]} {[%emt 00:01:07]} Rfd8
{[%clk 01:06:04]} {[%emt 00:00:49]} 14. e3 {[%clk 00:58:32]} {[%emt 00:07:59]}
c5 {[%clk 01:05:11]} {[%emt 00:01:23]} 15. dxc5 {[%clk 00:52:45]} {[%emt
00:06:18]} Bxg2 {[%clk 01:04:19]} {[%emt 00:01:21]} 16. Qxd7 {[%clk 00:53:00]}
{[%emt 00:00:15]} Nxd7 {[%clk 01:00:05]} {[%emt 00:04:44]} 17. Kxg2 {[%clk
00:53:17]} {[%emt 00:00:12]} Bf6 {[%clk 00:47:14]} {[%emt 00:13:21]} 18. Bc7
{[%clk 00:33:31]} {[%emt 00:20:17]} Rdc8 {[%clk 00:42:52]} {[%emt 00:04:52]} 19.
cxb6 {[%clk 00:32:45]} {[%emt 00:01:16]} axb6 {[%clk 00:40:28]} {[%emt
00:02:54]} 20. Nb5 {[%clk 00:29:48]} {[%emt 00:03:27]} Bxa1 {[%clk 00:40:20]}
{[%emt 00:00:38]} 21. Rxa1 {[%clk 00:30:11]} {[%emt 00:00:07]} Ra5 {[%clk
00:28:45]} {[%emt 00:12:04]} 22. Rd1 {[%clk 00:23:55]} {[%emt 00:06:46]} Rxb5
{[%clk 00:28:17]} {[%emt 00:00:59]} 23. Rxd7 {[%clk 00:24:18]} {[%emt
00:00:06]} Rb4 {[%clk 00:27:51]} {[%emt 00:00:57]} 24. a3 {[%clk 00:22:48]}
{[%emt 00:02:01]} Rb3 {[%clk 00:27:03]} {[%emt 00:01:16]} 25. Rd6 {[%clk
00:20:35]} {[%emt 00:02:44]} h5 {[%clk 00:24:55]} {[%emt 00:02:37]} 26. Rxb6
{[%clk 00:20:02]} {[%emt 00:01:04]} Rxb6 {[%clk 00:25:04]} {[%emt 00:00:22]} 27.
Bxb6 {[%clk 00:20:26]} {[%emt 00:00:06]} Rxc4 {[%clk 00:25:32]} {[%emt
00:00:01]} 28. h4 {[%clk 00:19:25]} {[%emt 00:01:31]} Kf8 {[%clk 00:24:32]}
{[%emt 00:01:30]} 29. Kf3 {[%clk 00:17:54]} {[%emt 00:02:01]} Ke7 {[%clk
00:24:28]} {[%emt 00:00:34]} 30. Ba5 {[%clk 00:18:09]} {[%emt 00:00:15]} e5
{[%clk 00:24:12]} {[%emt 00:00:46]} 31. Bb4+ {[%clk 00:17:22]} {[%emt
00:01:17]} Ke6 {[%clk 00:23:58]} {[%emt 00:00:43]} 32. Bf8 {[%clk 00:15:23]}
{[%emt 00:02:29]} g6 {[%clk 00:23:55]} {[%emt 00:00:33]} 33. Bb4 {[%clk
00:15:33]} {[%emt 00:00:21]} Kd5 {[%clk 00:22:40]} {[%emt 00:01:45]} 34. Be7
{[%clk 00:14:54]} {[%emt 00:01:09]} Rc2 {[%clk 00:20:59]} {[%emt 00:02:10]} 35.
Bb4 {[%clk 00:12:18]} {[%emt 00:03:06]} e4+ {[%clk 00:18:35]} {[%emt 00:02:54]}
36. Kg2 {[%clk 00:12:08]} {[%emt 00:00:40]} Kc4 {[%clk 00:18:44]} {[%emt
00:00:21]} 37. g4 {[%clk 00:06:04]} {[%emt 00:06:34]} hxg4 {[%clk 00:19:01]}
{[%emt 00:00:13]} 38. Bd6 {[%clk 00:05:36]} {[%emt 00:00:58]} Kd3 {[%clk
00:19:05]} {[%emt 00:00:27]} 39. Bb4 {[%clk 00:04:09]} {[%emt 00:01:58]} Ke2
{[%clk 00:18:00]} {[%emt 00:01:35]} 40. Bd6 {[%clk 00:03:42]} {[%emt 00:00:57]}
Rc6 {[%clk 00:16:52]} {[%emt 00:01:38]} 41. Bb4 {[%clk 00:03:49]} {[%emt
00:00:24]} Rf6 {[%clk 00:17:04]} {[%emt 00:00:16]} 42. Kg3 {[%clk 00:03:40]}
{[%emt 00:00:40]} Rxf2 {[%clk 00:17:21]} {[%emt 00:00:12]} 43. Kxg4 {[%clk
00:03:44]} {[%emt 00:00:27]} Rf5 {[%clk 00:16:55]} {[%emt 00:00:55]} 44. a4
{[%clk 00:02:30]} {[%emt 00:01:45]} Kxe3 {[%clk 00:17:16]} {[%emt 00:00:09]} 45.
a5 {[%clk 00:02:51]} {[%emt 00:00:09]} Rb5 {[%clk 00:17:17]} {[%emt 00:00:28]}
0-1

[Event "S10 a S14"]
[Site "Cambrils"]
[Date "2023.04.03"]
[Round "4.4"]
[White "Dea Ruiz, Jofre"]
[Black "Alonso Gimenez, Mauro"]
[Result "0-1"]
[TimeControl "90'+30\""]
[BlackFideId "54539412"]
[WhiteElo "1598"]
[BlackElo "1925"]

1. d4 {[%clk 01:30:51]} {[%emt 00:00:09]} d5 {[%clk 01:30:51]} {[%emt
00:00:09]} 2. Bf4 {[%clk 01:30:59]} {[%emt 00:00:22]} Nf6 {[%clk 01:30:59]}
{[%emt 00:00:21]} 3. Nf3 {[%clk 01:30:39]} {[%emt 00:00:51]} Bf5 {[%clk
01:30:58]} {[%emt 00:00:31]} 4. e3 {[%clk 01:30:26]} {[%emt 00:00:43]} e6
{[%clk 01:31:13]} {[%emt 00:00:13]} 5. Bd3 {[%clk 01:29:12]} {[%emt 00:01:46]}
Bg6 {[%clk 01:31:22]} {[%emt 00:00:21]} 6. c3 {[%clk 01:27:13]} {[%emt
00:02:28]} Bd6 {[%clk 01:30:45]} {[%emt 00:01:07]} 7. Bg3 {[%clk 01:26:11]}
{[%emt 00:01:32]} Ne4 {[%clk 01:27:47]} {[%emt 00:03:27]} 8. Bxd6 {[%clk
01:25:07]} {[%emt 00:01:35]} Qxd6 {[%clk 01:25:13]} {[%emt 00:03:04]} 9. Qc2
{[%clk 01:23:11]} {[%emt 00:02:27]} Nd7 {[%clk 01:17:00]} {[%emt 00:08:43]} 10.
Nbd2 {[%clk 01:20:01]} {[%emt 00:03:40]} Nxd2 {[%clk 01:14:28]} {[%emt
00:03:02]} 11. Qxd2 {[%clk 01:18:35]} {[%emt 00:01:55]} c5 {[%clk 01:11:58]}
{[%emt 00:03:01]} 12. Bxg6 {[%clk 01:13:20]} {[%emt 00:05:45]} hxg6 {[%clk
01:12:22]} {[%emt 00:00:06]} 13. h3 {[%clk 01:12:17]} {[%emt 00:01:32]} c4
{[%clk 01:12:00]} {[%emt 00:00:52]} 14. Qc2 {[%clk 01:07:05]} {[%emt 00:05:41]}
O-O {[%clk 01:09:12]} {[%emt 00:03:18]} 15. O-O {[%clk 01:04:56]} {[%emt
00:02:42]} b5 {[%clk 01:08:36]} {[%emt 00:01:04]} 16. Nd2 {[%clk 01:01:00]}
{[%emt 00:04:26]} Rab8 {[%clk 01:06:38]} {[%emt 00:02:29]} 17. a3 {[%clk
00:55:06]} {[%emt 00:06:24]} a5 {[%clk 01:04:35]} {[%emt 00:02:33]} 18. e4
{[%clk 00:52:00]} {[%emt 00:03:36]} Rb7 {[%clk 00:49:10]} {[%emt 00:15:54]} 19.
exd5 {[%clk 00:48:26]} {[%emt 00:04:04]} exd5 {[%clk 00:48:56]} {[%emt
00:00:45]} 20. Rfb1 {[%clk 00:47:10]} {[%emt 00:01:44]} Rfb8 {[%clk 00:43:52]}
{[%emt 00:05:35]} 21. Nf3 {[%clk 00:42:24]} {[%emt 00:05:16]} b4 {[%clk
00:42:58]} {[%emt 00:01:24]} 22. axb4 {[%clk 00:40:38]} {[%emt 00:02:16]} axb4
{[%clk 00:43:25]} {[%emt 00:00:04]} 23. Nd2 {[%clk 00:35:25]} {[%emt 00:05:42]}
Nf6 {[%clk 00:33:22]} {[%emt 00:10:33]} 24. Kh1 {[%clk 00:24:46]} {[%emt
00:11:07]} Qf4 {[%clk 00:17:27]} {[%emt 00:16:22]} 25. Kg1 {[%clk 00:20:32]}
{[%emt 00:04:49]} Qf5 {[%clk 00:11:10]} {[%emt 00:06:47]} 26. Qxf5 {[%clk
00:19:15]} {[%emt 00:01:48]} gxf5 {[%clk 00:11:34]} {[%emt 00:00:06]} 27. f3
{[%clk 00:18:49]} {[%emt 00:00:56]} Nh5 {[%clk 00:11:03]} {[%emt 00:01:01]} 28.
Kf2 {[%clk 00:17:19]} {[%emt 00:02:00]} Nf4 {[%clk 00:11:05]} {[%emt 00:00:28]}
29. Kf1 {[%clk 00:14:10]} {[%emt 00:03:40]} Nd3 {[%clk 00:09:31]} {[%emt
00:02:03]} 30. Kg1 {[%clk 00:13:37]} {[%emt 00:01:04]} Re7 {[%clk 00:06:30]}
{[%emt 00:03:31]} 31. cxb4 {[%clk 00:12:45]} {[%emt 00:01:24]} Re2 {[%clk
00:06:28]} {[%emt 00:00:31]} 32. Nf1 {[%clk 00:12:46]} {[%emt 00:00:29]} Rxb4
{[%clk 00:06:46]} {[%emt 00:00:12]} 33. Ra5 {[%clk 00:12:10]} {[%emt 00:01:03]}
Rbxb2 {[%clk 00:06:54]} {[%emt 00:00:25]} 34. Rxb2 {[%clk 00:12:22]} {[%emt
00:00:19]} Rxb2 {[%clk 00:07:19]} {[%emt 00:00:04]} 35. Rxd5 {[%clk 00:12:32]}
{[%emt 00:00:19]} c3 {[%clk 00:07:28]} {[%emt 00:00:22]} 36. Ne3 {[%clk
00:12:41]} {[%emt 00:00:18]} f4 {[%clk 00:07:48]} {[%emt 00:00:12]} 37. Nf5
{[%clk 00:12:14]} {[%emt 00:00:55]} c2 {[%clk 00:07:42]} {[%emt 00:00:39]} 38.
Ne7+ {[%clk 00:12:34]} {[%emt 00:00:10]} Kf8 {[%clk 00:08:07]} {[%emt
00:00:05]} 0-1

[Event "S10 a S14"]
[Site "Cambrils"]
[Date "2023.04.03"]
[Round "4.5"]
[White "Najar Arrieta, Oriol"]
[Black "Marsal Calvet, Josep"]
[Result "1/2-1/2"]
[TimeControl "90'+30\""]
[WhiteFideId "54587603"]
[WhiteElo "1837"]
[BlackElo "1536"]

1. e4 {[%clk 01:30:47]} {[%emt 00:00:11]} c5 {[%clk 01:30:27]} {[%emt
00:00:34]} 2. Nf3 {[%clk 01:31:05]} {[%emt 00:00:11]} Nc6 {[%clk 01:30:38]}
{[%emt 00:00:19]} 3. d4 {[%clk 01:31:16]} {[%emt 00:00:20]} cxd4 {[%clk
01:30:45]} {[%emt 00:00:23]} 4. Nxd4 {[%clk 01:31:37]} {[%emt 00:00:09]} g6
{[%clk 01:30:38]} {[%emt 00:00:37]} 5. c4 {[%clk 01:31:59]} {[%emt 00:00:09]}
Bg7 {[%clk 01:30:51]} {[%emt 00:00:15]} 6. Be3 {[%clk 01:32:23]} {[%emt
00:00:06]} Nf6 {[%clk 01:30:43]} {[%emt 00:00:37]} 7. Nc3 {[%clk 01:32:42]}
{[%emt 00:00:11]} O-O {[%clk 01:30:16]} {[%emt 00:00:58]} 8. Be2 {[%clk
01:32:53]} {[%emt 00:00:18]} d6 {[%clk 01:29:47]} {[%emt 00:01:00]} 9. O-O
{[%clk 01:33:08]} {[%emt 00:00:15]} Bd7 {[%clk 01:29:25]} {[%emt 00:00:52]} 10.
Qd2 {[%clk 01:33:22]} {[%emt 00:00:16]} Nxd4 {[%clk 01:28:25]} {[%emt
00:01:30]} 11. Bxd4 {[%clk 01:33:43]} {[%emt 00:00:09]} Bc6 {[%clk 01:28:30]}
{[%emt 00:00:25]} 12. f3 {[%clk 01:34:03]} {[%emt 00:00:10]} Nd7 {[%clk
01:28:05]} {[%emt 00:00:55]} 13. Be3 {[%clk 01:34:16]} {[%emt 00:00:17]} a5
{[%clk 01:28:07]} {[%emt 00:00:24]} 14. b3 {[%clk 01:31:04]} {[%emt 00:03:46]}
Nc5 {[%clk 01:25:40]} {[%emt 00:02:55]} 15. Rab1 {[%clk 01:24:41]} {[%emt
00:06:55]} Qb6 {[%clk 01:17:15]} {[%emt 00:08:54]} 16. Rfc1 {[%clk 01:17:13]}
{[%emt 00:07:58]} Rfc8 {[%clk 01:14:56]} {[%emt 00:02:41]} 17. Rc2 {[%clk
01:12:07]} {[%emt 00:05:44]} Qd8 {[%clk 01:05:37]} {[%emt 00:09:49]} 18. Nd5
{[%clk 01:02:02]} {[%emt 00:10:36]} Bxd5 {[%clk 01:04:45]} {[%emt 00:01:22]} 19.
exd5 {[%clk 01:01:56]} {[%emt 00:00:36]} Qd7 {[%clk 00:53:05]} {[%emt
00:12:04]} 20. Bd4 {[%clk 00:34:15]} {[%emt 00:28:17]} Bxd4+ {[%clk 00:51:53]}
{[%emt 00:01:41]} 21. Qxd4 {[%clk 00:34:43]} {[%emt 00:00:03]} Qf5 {[%clk
00:51:00]} {[%emt 00:01:08]} 22. Rcc1 {[%clk 00:33:27]} {[%emt 00:02:00]} Qd7
{[%clk 00:43:32]} {[%emt 00:07:57]} 23. Rc3 {[%clk 00:29:23]} {[%emt 00:04:35]}
Re8 {[%clk 00:29:47]} {[%emt 00:14:14]} 24. a3 {[%clk 00:25:42]} {[%emt
00:04:13]} Qf5 {[%clk 00:26:53]} {[%emt 00:03:18]} 25. Bd3 {[%clk 00:18:25]}
{[%emt 00:07:53]} Nxd3 {[%clk 00:25:34]} {[%emt 00:01:48]} 26. Rxd3 {[%clk
00:17:34]} {[%emt 00:01:21]} Qc8 {[%emt 00:04:18]} 27. b4 {[%clk 00:14:48]}
{[%emt 00:03:10]} axb4 {[%clk 00:21:28]} {[%emt 00:00:55]} 28. axb4 {[%clk
00:15:09]} {[%emt 00:00:09]} Ra2 {[%clk 00:20:58]} {[%emt 00:00:51]} 29. c5
{[%clk 00:10:24]} {[%emt 00:05:25]} dxc5 {[%clk 00:20:46]} {[%emt 00:00:43]} 30.
bxc5 {[%clk 00:10:39]} {[%emt 00:00:14]} Rc2 {[%clk 00:20:22]} {[%emt
00:00:49]} 31. Rc3 {[%clk 00:10:27]} {[%emt 00:00:47]} Rxc3 {[%clk 00:20:47]}
{[%emt 00:00:05]} 32. Qxc3 {[%clk 00:10:52]} {[%emt 00:00:05]} Rd8 {[%clk
00:20:59]} {[%emt 00:00:14]} 33. Qc4 {[%clk 00:08:39]} {[%emt 00:02:47]} Rd7
{[%clk 00:16:36]} {[%emt 00:04:49]} 34. Rc1 {[%clk 00:05:09]} {[%emt 00:04:04]}
Rc7 {[%clk 00:16:14]} {[%emt 00:00:50]} 35. Qb5 {[%clk 00:03:12]} {[%emt
00:02:28]} Rd7 {[%clk 00:15:12]} {[%emt 00:01:21]} 36. c6 {[%clk 00:01:00]}
{[%emt 00:02:54]} bxc6 {[%clk 00:15:03]} {[%emt 00:00:39]} 37. Rxc6 {[%clk
00:00:38]} {[%emt 00:00:52]} Rc7 {[%clk 00:14:29]} {[%emt 00:01:00]} 38. Rxc7
{[%clk 00:00:48]} {[%emt 00:00:24]} Qxc7 {[%clk 00:14:48]} {[%emt 00:00:10]} 39.
Qc6 {[%emt 00:00:33]} Qe5 1/2-1/2

[Event "S10 a S14"]
[Site "Cambrils"]
[Date "2023.04.03"]
[Round "4.6"]
[White "Pons Sancho, Roc"]
[Black "Bru Montoya, Pau"]
[Result "0-1"]
[TimeControl "90'+30\""]
[BlackFideId "54743516"]
[WhiteElo "1260"]
[BlackElo "1603"]

1. d4 {[%clk 01:30:43]} {[%emt 00:00:16]} d5 {[%clk 01:30:50]} {[%emt
00:00:11]} 2. Nf3 {[%clk 01:31:05]} {[%emt 00:00:07]} Nf6 {[%clk 01:31:02]}
{[%emt 00:00:17]} 3. c4 {[%clk 01:31:25]} {[%emt 00:00:10]} e6 {[%clk
01:30:49]} {[%emt 00:00:42]} 4. Nc3 {[%clk 01:31:11]} {[%emt 00:00:45]} Be7
{[%clk 01:30:56]} {[%emt 00:00:23]} 5. Bf4 {[%emt 00:02:19]} Ne4 {[%clk
01:16:25]} {[%emt 00:13:18]} 6. cxd5 {[%emt 00:03:21]} exd5 {[%clk 01:14:48]}
{[%emt 00:01:35]} 7. Rc1 {[%clk 01:26:58]} {[%emt 00:02:18]} Nxc3 {[%clk
01:14:39]} {[%emt 00:00:40]} 8. bxc3 {[%clk 01:27:01]} {[%emt 00:00:26]} O-O
{[%clk 01:14:04]} {[%emt 00:01:05]} 9. e3 {[%clk 01:27:08]} {[%emt 00:00:23]}
Bf5 {[%clk 01:11:58]} {[%emt 00:02:32]} 10. Bd3 {[%emt 00:04:24]} Be4 {[%clk
01:02:39]} {[%emt 00:06:23]} 11. Bxe4 {[%clk 01:26:46]} {[%emt 00:00:29]} dxe4
{[%clk 01:02:54]} {[%emt 00:00:15]} 12. Ne5 {[%clk 01:27:02]} {[%emt 00:00:13]}
Nd7 {[%clk 00:58:05]} {[%emt 00:05:14]} 13. O-O {[%clk 01:26:49]} {[%emt
00:00:48]} Nxe5 {[%clk 00:57:50]} {[%emt 00:00:46]} 14. Bxe5 {[%clk 01:27:07]}
{[%emt 00:00:12]} Bd6 {[%clk 00:56:12]} {[%emt 00:02:01]} 15. Bxd6 {[%clk
01:27:21]} {[%emt 00:00:23]} Qxd6 {[%clk 00:55:52]} {[%emt 00:00:50]} 16. c4
{[%clk 01:27:37]} {[%emt 00:00:14]} f5 {[%clk 00:55:02]} {[%emt 00:01:20]} 17.
c5 {[%clk 01:27:46]} {[%emt 00:00:20]} Qd5 {[%clk 00:54:55]} {[%emt 00:00:33]}
18. Qb3 {[%clk 01:28:00]} {[%emt 00:00:21]} Qxb3 {[%clk 00:53:23]} {[%emt
00:02:02]} 19. axb3 {[%clk 01:28:21]} {[%emt 00:00:09]} c6 {[%clk 00:53:36]}
{[%emt 00:00:17]} 20. Rfd1 {[%clk 01:28:27]} {[%emt 00:00:23]} Rfd8 {[%clk
00:51:49]} {[%emt 00:02:15]} 21. b4 {[%clk 01:28:39]} {[%emt 00:00:20]} a5
{[%clk 00:51:19]} {[%emt 00:01:01]} 22. bxa5 {[%clk 01:28:37]} {[%emt
00:00:31]} Rxa5 {[%clk 00:51:30]} {[%emt 00:00:19]} 23. Ra1 {[%clk 01:28:43]}
{[%emt 00:00:25]} Rda8 {[%clk 00:51:27]} {[%emt 00:00:33]} 24. Rab1 {[%clk
01:28:48]} {[%emt 00:00:25]} R5a7 {[%clk 00:48:01]} {[%emt 00:03:56]} 25. h3
{[%clk 01:28:44]} {[%emt 00:00:33]} Kf7 {[%clk 00:48:01]} {[%emt 00:00:29]} 26.
Kh2 {[%clk 01:29:03]} {[%emt 00:00:11]} Ke6 {[%clk 00:48:01]} {[%emt 00:00:28]}
27. Kg3 {[%clk 01:29:27]} {[%emt 00:00:09]} Kd5 {[%clk 00:47:25]} {[%emt
00:01:06]} 28. Rdc1 {[%clk 01:29:47]} {[%emt 00:00:10]} g5 {[%clk 00:45:48]}
{[%emt 00:02:08]} 29. f4 {[%clk 01:29:39]} {[%emt 00:00:37]} exf3 {[%clk
00:43:41]} {[%emt 00:02:38]} 30. Kxf3 {[%clk 01:29:41]} {[%emt 00:00:28]} h5
{[%clk 00:40:59]} {[%emt 00:03:12]} 31. g4 {[%clk 01:28:59]} {[%emt 00:01:11]}
fxg4+ {[%clk 00:41:11]} {[%emt 00:00:19]} 32. hxg4 {[%clk 01:28:57]} {[%emt
00:00:32]} Rf8+ {[%clk 00:41:31]} {[%emt 00:00:09]} 33. Kg3 {[%clk 01:29:14]}
{[%emt 00:00:13]} h4+ {[%clk 00:41:52]} {[%emt 00:00:10]} 34. Kg2 {[%clk
01:29:10]} {[%emt 00:00:34]} Ra2+ {[%clk 00:42:15]} {[%emt 00:00:08]} 35. Kg1
{[%clk 01:28:57]} {[%emt 00:00:41]} Rff2 {[%clk 00:42:02]} {[%emt 00:00:43]} 36.
Rxb7 {[%clk 01:28:16]} {[%emt 00:01:11]} h3 {[%emt 00:00:10]} 37. Rd7+ {[%emt
00:00:50]} Ke6 {[%clk 00:42:40]} {[%emt 00:00:02]} 38. Rd6+ {[%clk 01:28:02]}
{[%emt 00:00:34]} Ke7 {[%emt 00:01:22]} 39. Rh6 {[%clk 01:26:26]} {[%emt
00:00:56]} Rh2 {[%clk 00:42:54]} {[%emt 00:00:26]} 40. Rxh3 {[%clk 01:24:52]}
{[%emt 00:02:11]} Rxh3 {[%clk 00:43:18]} {[%emt 00:00:07]} 41. Re1 {[%clk
01:24:51]} {[%emt 00:00:30]} Rg3+ {[%clk 00:42:52]} {[%emt 00:00:55]} 42. Kf1
{[%clk 01:23:28]} {[%emt 00:01:54]} Rgg2 {[%clk 00:42:52]} {[%emt 00:00:28]} 43.
Rb1 {[%clk 01:23:30]} {[%emt 00:00:30]} Raf2+ {[%clk 00:42:05]} {[%emt
00:01:18]} 44. Ke1 {[%clk 01:23:46]} {[%emt 00:00:15]} Rg1+ {[%clk 00:42:22]}
{[%emt 00:00:13]} 45. Kxf2 {[%clk 01:24:08]} {[%emt 00:00:07]} Rxb1 {[%clk
00:42:45]} {[%emt 00:00:07]} 46. Kf3 {[%clk 01:24:11]} {[%emt 00:00:26]} Ke6
{[%clk 00:42:55]} {[%emt 00:00:20]} 47. Ke4 {[%clk 01:24:14]} {[%emt 00:00:27]}
Rb3 {[%clk 00:43:10]} {[%emt 00:00:15]} 48. Kf3 {[%clk 01:24:15]} {[%emt
00:00:29]} Kd5 {[%clk 00:43:31]} {[%emt 00:00:09]} 49. Ke2 {[%clk 01:24:25]}
{[%emt 00:00:22]} Ke4 {[%emt 00:00:30]} 50. Kf2 {[%clk 01:24:19]} {[%emt
00:00:19]} Rxe3 {[%clk 00:43:55]} {[%emt 00:00:21]} 51. d5 {[%emt 00:00:34]}
cxd5 {[%clk 00:44:12]} {[%emt 00:00:13]} 52. c6 {[%clk 01:24:38]} {[%emt
00:00:07]} Rc3 {[%clk 00:44:25]} {[%emt 00:00:15]} 53. c7 {[%clk 01:24:51]}
{[%emt 00:00:19]} Rxc7 {[%clk 00:44:47]} {[%emt 00:00:07]} 54. Kg3 {[%clk
01:25:07]} {[%emt 00:00:13]} Rc3+ {[%clk 00:45:03]} {[%emt 00:00:15]} 55. Kg2
{[%clk 01:25:19]} {[%emt 00:00:17]} Kf4 {[%clk 00:45:23]} {[%emt 00:00:10]} 56.
Kh2 {[%clk 01:25:14]} {[%emt 00:00:35]} Rg3 {[%clk 00:45:02]} {[%emt 00:00:50]}
57. Kh1 {[%clk 01:25:25]} {[%emt 00:00:20]} Kf3 {[%clk 00:45:23]} {[%emt
00:00:09]} 58. Kh2 {[%clk 01:25:26]} {[%emt 00:00:29]} Kf2 {[%clk 00:45:47]}
{[%emt 00:00:06]} 59. Kh1 {[%clk 01:25:47]} {[%emt 00:00:10]} Rh3+ {[%emt
00:00:04]} 0-1